The seasons of a man's life

Αποθηκεύτηκε σε:
Λεπτομέρειες βιβλιογραφικής εγγραφής
Κύριος συγγραφέας: Levinson, Daniel J. d. 1994
Μορφή: Βιβλίο
Γλώσσα:English
Δημοσίευση: New York : Ballantine Books, c1978
Θέματα:
Ετικέτες: Προσθήκη ετικέτας
Δεν υπάρχουν, Καταχωρήστε ετικέτα πρώτοι!

MARC

LEADER 00000nam a2200000 i 4500
001 1/80955
008 980916s1978 eng d
020 |a 0-345-33901-0 
035 |a 1995  |b 3  |c Καϊλα  |l 10033573 
040 |a GR-MY-UA  |b gre  |e aacr 
041 0 |a eng 
082 0 |a 155.632 
100 1 |a Levinson, Daniel J.  |d d. 1994. 
245 1 4 |a The seasons of a man's life /  |c by Daniel J. Levinson ... [et al.] 
260 |a New York :   |b Ballantine Books,   |c c1978 
300 |a 363 p. 
504 |a Includes bibliographical references and indexes 
650 0 0 |a Middle aged men  |x Psychology. 
852 |a INST  |b RHODES  |e 19980916  |h 155.632 LEV  |p 005400011613  |q 005400011613  |t BK  |y 0 
909 |a Ρ  |b 043580  |c 1995